Introduction to macroeconomics. (Record no. 92230)
[ view plain ]
| 000 -LEADER | |
|---|---|
| fixed length control field | 00395nam a2200133Ia 4500 |
| 008 - FIXED-LENGTH DATA ELEMENTS--GENERAL INFORMATION | |
| fixed length control field | 210210b1987 xxu||||| |||| 00| 0 eng d |
| 082 ## - DEWEY DECIMAL CLASSIFICATION NUMBER | |
| Classification number | 339 MCCI |
| 100 ## - MAIN ENTRY--PERSONAL NAME | |
| Personal name | McCONNELL (Campbell R) and GUPTA (Harish C). |
| 245 ## - TITLE STATEMENT | |
| Title | Introduction to macroeconomics. |
| 260 ## - PUBLICATION, DISTRIBUTION, ETC. | |
| Place of publication, distribution, etc. | New Delhi. |
| Name of publisher, distributor, etc. | Tata McGraw-Hill Publishing Company Ltd. |
| Date of publication, distribution, etc. | 1987 |
| 300 ## - PHYSICAL DESCRIPTION | |
| Extent | xxii,584 |
| 690 ## - LOCAL SUBJECT ADDED ENTRY--TOPICAL TERM (OCLC, RLIN) | |
| Topical term or geographic name as entry element | Macroeconomics |
| 906 ## - LOCAL DATA ELEMENT F, LDF (RLIN) | |
| a | 042763 |
| Withdrawn status | Lost status | Damaged status | Not for loan | Collection code | Home library | Current library | Shelving location | Date acquired | Cost, normal purchase price | Total Checkouts | Full call number | Barcode | Date last seen | Price effective from | Koha item type |
|---|---|---|---|---|---|---|---|---|---|---|---|---|---|---|---|
| St Aloysius Library | St Aloysius Library | 02/17/2021 | 96.00 | 339 MCCI | 042763 | 02/17/2021 | 02/17/2021 | Book |